{"text_format":"1","workbook":"xlsx","n_sheets":1,"sheets":["Upłynnienia 2023"],"not_rendered":{"charts":0,"images":1,"macros":0,"external_links":0,"defined_names":1,"comments":0,"pivot_tables":0},"unopened":[],"bounds":{"document_bytes":16777216,"sheet_cells":100000,"rows_first":2000,"rows_last":500,"rows_between":2000,"halvings":0,"cell_chars":16384,"cell_head_chars":4096},"cells_cut":0,"cells_raw":0,"read":"whole","date_system":"1900"}

{"sheet":"Upłynnienia 2023","index":0,"n_rows":22,"n_cols":6,"rows_kept":22,"cut":false,"hidden":false,"merged":[[3,5,4,5],[3,0,4,0],[3,1,4,1],[3,2,4,2],[3,3,4,3],[3,4,4,4]]}
[]
[null,"MATERIAŁY ZBĘDNE PRZEZNACZONE DO UPŁYNNIEŃ 2024 ROK."]
[]
["Data pochodzenia","Nazwa materiału","Ilość ","Jm.","Ceny jednostkowe w zł.netto","Wartość w zł.netto"]
[]
["2008-05-15","06-02-01-18 ŁĄCZNIK DO RUR FI 175",9,"szt",100,{"$f":"PRODUCT(C6:E6)","v":900}]
["2008-05-15","06-02-00-01 DOSZCZELNIACZ ZŁĄCZY KIEL DN 1000",1,"szt",1000,{"$f":"PRODUCT(C7:E7)","v":1000}]
["2008-05-15","06-02-01-81 OPASKA USZCZELN. FI 350",8,"szt",100,800]
["2008-05-15","06-02-01-22 ŁĄCZNIK DO RUR FI 450",2,"szt",500,1000]
["2008-05-15","06-02-03-82 ŁĄCZNIK RUROWY 225 PE",1,"szt",400,400]
["2008-05-15","06-02-01-20 ŁĄCZNIK DO RUR FI 250",2,"szt",200,400]
["2008-05-15","06-02-01-26 ŁĄCZNIK KOŁN.DN 125",8,"szt",50,400]
["2008-05-15","06-02-03-47 ZŁĄCZE TEEKAY FI 1000",3,"szt",200,600]
["2008-05-15","06-02-01-34 ŁĄCZNIK MUFA DN 125",7,"szt",100,700]
["2008-05-15","06-02-00-02 DOSZCZELNIACZ ZŁACZY KIEL.DN 175",6,"szt",60,360]
["2008-05-15","06-02-03-38 ZŁĄCZE STRAUB FI 219.1",1,"szt",300,300]
["2008-05-15","06-02-02-48 SYFON KAM. FI 150 SZKLIWIONY",6,"szt",50,300]
["2008-05-15","06-02-01-42 ŁĄCZNIK RUR UC DN 125",2,"szt",80,160]
["2011-04-01","06-02-01-144 ŁĄCZNIK RUROWY DN 350",4,"szt.",300,1200]
[null,null,null,null,null,{"$f":"SUM(F6:F19)","v":8520}]
["Bliższe informacje można uzyskać pod nr tel. 056 6586450 ,  +48 600409151 "]
[null,"Toruń,dnia 10.01 2024r."]